<?xml version="1.0" encoding="UTF-8"?>
<collection xmlns:xsi="http://www.w3.org/2001/XMLSchema-instance" xsi:schemaLocation="http://www.loc.gov/MARC21/slim http://www.loc.gov/standards/marcxml/schema/MARC21slim.xsd" xmlns="http://www.loc.gov/MARC21/slim">
 <record>
  <leader>00000cam a22000004a 4500</leader>
  <controlfield tag="001">UP-99796217603663993</controlfield>
  <controlfield tag="003">Buklod</controlfield>
  <controlfield tag="005">20230503092542.0</controlfield>
  <controlfield tag="006">a     r    |||| u|</controlfield>
  <controlfield tag="007">ta</controlfield>
  <controlfield tag="008">080209s1957    xx      r    |000 u|eng d</controlfield>
  <datafield tag="035" ind1=" " ind2=" ">
   <subfield code="a">(iLib)UPD-00000214203</subfield>
  </datafield>
  <datafield tag="041" ind1=" " ind2=" ">
   <subfield code="a">eng</subfield>
  </datafield>
  <datafield tag="042" ind1=" " ind2=" ">
   <subfield code="a">DMLUC</subfield>
  </datafield>
  <datafield tag="090" ind1=" " ind2=" ">
   <subfield code="a">PL 6156</subfield>
   <subfield code="b">T8</subfield>
  </datafield>
  <datafield tag="100" ind1="1" ind2=" ">
   <subfield code="a">Tuvera, Kerima Polotan</subfield>
   <subfield code="d">1925-</subfield>
  </datafield>
  <datafield tag="245" ind1="1" ind2="0">
   <subfield code="a">The Carlos Palanca memorial awards for literature : prize stories, 1950-1955</subfield>
   <subfield code="c">Kerima Polotan.</subfield>
  </datafield>
  <datafield tag="264" ind1=" " ind2="1">
   <subfield code="a">[Manila</subfield>
   <subfield code="b">La Tondena, Inc.</subfield>
   <subfield code="c">c1957]</subfield>
  </datafield>
  <datafield tag="300" ind1=" " ind2=" ">
   <subfield code="a">435 p.</subfield>
  </datafield>
  <datafield tag="500" ind1=" " ind2=" ">
   <subfield code="a">&quot;A collection of the winning English and Tagalog short stories from 1950 to 1955.&quot;</subfield>
  </datafield>
  <datafield tag="505" ind1="0" ind2=" ">
   <subfield code="a">English : Clay [by] Juan T. Gatbonton -- Flowers of May [by] Francisco Arcellana -- The Black monkey [by] Edith L. Tiempo -- The Virgin [by] Patricia S. Torres -- Children of the ash-covered loam [by] N.V.M. Gonzalez -- Even purple hearts [by] Bienvenido N. Santos -- The quarrel [by] Andres Cristobal Cruz -- Lupo and the river [by] N.V.M. Gonzalez -- The Centipede [by] Rony V. Diaz -- The Beads [by] S.V. Epistola -- The morning before us [by] Gilda Cordero Fernando -- Ceremony [by] J.C. Tuvera -- The Dam [by] Edith L. Tiempo -- The other woman [by] V.R. Samonte -- Tagalog : Kuwento ni Mabuti [ni] Genoveva Edroza-Matute -- Mabangis na kamay ... maamong kamay [ni] Pedro S. Dandan -- Planeta, buwan at mga butuin [ni] Elpidio P. Kapulong -- Kahiwagaan [ni] Pablo N. Bautista -- Kamatayan sa gulod [ni] Manuel J. Ocampo -- Pagbabalik [ni] Genoveva Edroza-Matute -- Kapangyarihan [ni] Buenaventura S. Medina, Jr. -- Ang anluwage [ni] Hilario L. Coronel -- Malalim ang gabi [ni] P.B. Peralta-Pineda -- Sa kamatayan lamang [ni] Teodoro A. Agoncillo -- Ang pusa sa aking durungawan [ni] Macario H. Afable -- Matalino ang inaanak ko [ni] Fernando L. Samonte -- Paglalayag ... sa puso ng isang bata [[ni] Genoveva Edroza-Matute -- Batingaw [ni] Elpidio P. Kapulong -- Lumamig na bakal [ni] Virgilio Blones</subfield>
  </datafield>
  <datafield tag="650" ind1=" " ind2="0">
   <subfield code="a">Short stories, Philippine.</subfield>
  </datafield>
  <datafield tag="650" ind1=" " ind2="0">
   <subfield code="a">Short stories, Filipino.</subfield>
  </datafield>
  <datafield tag="842" ind1=" " ind2=" ">
   <subfield code="a">Book</subfield>
  </datafield>
  <datafield tag="905" ind1=" " ind2=" ">
   <subfield code="a">FI</subfield>
  </datafield>
  <datafield tag="950" ind1=" " ind2=" ">
   <subfield code="a">Paper</subfield>
  </datafield>
  <datafield tag="852" ind1="0" ind2=" ">
   <subfield code="a">UPD</subfield>
   <subfield code="b">DEDUC</subfield>
   <subfield code="h">PL 6156 T8</subfield>
  </datafield>
  <datafield tag="852" ind1="0" ind2=" ">
   <subfield code="a">UPD</subfield>
   <subfield code="b">DMLF</subfield>
   <subfield code="h">PL 6156</subfield>
   <subfield code="i">T8 in stacks</subfield>
  </datafield>
  <datafield tag="852" ind1="0" ind2=" ">
   <subfield code="a">UPD</subfield>
   <subfield code="b">DMLF</subfield>
   <subfield code="h">PL 6156</subfield>
   <subfield code="i">T8</subfield>
  </datafield>
  <datafield tag="942" ind1=" " ind2=" ">
   <subfield code="a">Book</subfield>
  </datafield>
 </record>
</collection>
